000 00395nam a2200181Ia 4500
005 20240823035025.0
008 240823s9999||||xx |||||||||||||| ||und||
041 _aENGLISH
082 _A823.914 P9
100 _aRuth Rendell
245 0 _aFrom Doon with Death
250 _a1st
260 _c2009
_bArrow
500 _aYES
650 _aNovel
_bEnglish
942 _cBK
999 _c199695
_d199695